[Event "III Open A"]
[Site "Livigno ITA"]
[Date "2012.09.11"]
[Round "2"]
[White "Stella, Andrea"]
[Black "Kravtsiv, Martyn"]
[WhiteElo "2456"]
[BlackElo "2581"]
[Result "1/2-1/2"]
[PlyCount "121"]
[EventDate "2012.09.10"]

1. Nf3 Nf6 2. c4 e6 3. g3 d5 4. Bg2 dxc4 5. Qa4+ c6 6. Qxc4 b5 7. Qc2 Bb7 8. d4
Nbd7 9. Ne5 Rc8 10. O-O Qb6 11. Nxd7 Nxd7 12. Be3 c5 13. Bxb7 Qxb7 14. Rc1 Be7
15. dxc5 Nxc5 16. b4 Bf6 17. Nc3 Na4 18. Qe4 Qa8 19. Nxb5 Qxe4 20. Rxc8+ Ke7
21. Rc7+ Kf8 22. Rc8+ Ke7 23. Rc7+ Kf8 24. Rd1 Qxb4 25. Bc1 Nb2 26. Rdd7 g5 27.
Rxf7+ Ke8 28. Rb7 Qe1+ 29. Kg2 Nc4 30. Rfc7 Qxc1 31. Rb8+ Bd8 32. Nd6+ Nxd6 33.
Rxc1 Rf8 34. Rd1 Kd7 35. Rb7+ Kc6 36. Rxh7 Bb6 37. e3 Ne4 38. f3 Nd6 39. Re7
Rf6 40. Rc1+ Kb5 41. Rb1+ Ka6 42. Rc1 Nf5 43. Re8 Nxe3+ 44. Kh1 Rxf3 45. Rxe6
g4 46. Re4 Kb5 47. a4+ Ka5 48. Rb1 Ka6 49. Re1 Nc2 50. Rb1 Ne3 51. Re1 Ka5 52.
Rb1 Rf5 53. Re1 Rg5 54. R1xe3 Bxe3 55. Rxe3 Kxa4 56. Kg2 a5 57. h3 Kb4 58. Re4+
Kb3 59. Re3+ Kb2 60. Re2+ Kb3 61. Re3+ 1/2-1/2

[Event "III Open A"]
[Site "Livigno ITA"]
[Date "2012.09.11"]
[Round "2"]
[White "Timoshenko, Georgy"]
[Black "Collutiis, Duilio"]
[WhiteElo "2518"]
[BlackElo "2501"]
[Result "1-0"]
[PlyCount "153"]
[EventDate "2012.09.10"]

1. e4 e5 2. Nf3 Nc6 3. Bb5 a6 4. Ba4 d6 5. O-O Bd7 6. c3 Nf6 7. Re1 g6 8. d4 b5
9. Bc2 Bg7 10. Nbd2 O-O 11. Nf1 Re8 12. h3 h6 13. Ng3 Qc8 14. Be3 Na5 15. b3 c5
16. Qd2 Kh7 17. d5 Nb7 18. c4 Qc7 19. Bd3 bxc4 20. bxc4 Reb8 21. Rab1 Nd8 22.
Qc2 Rxb1 23. Rxb1 Rb8 24. Nd2 a5 25. f4 exf4 26. Bxf4 Ne8 27. Nf3 Kg8 28. Ne2
a4 29. a3 Rxb1+ 30. Qxb1 Nb7 31. Bd2 Na5 32. Qe1 Nb3 33. Bc3 Qd8 34. Bc2 Qe7
35. Bxg7 Nxg7 36. Qc3 g5 37. Kf2 g4 38. hxg4 Bxg4 39. Bxb3 axb3 40. Qxb3 Qxe4
41. Ng3 Qf4 42. a4 Bxf3 43. gxf3 Qd4+ 44. Kg2 Qd2+ 45. Kh3 Ne8 46. Qb5 Kf8 47.
Qb1 Qb4 48. Qc1 Qxa4 49. Qxh6+ Ke7 50. Qh4+ Kd7 51. Nf5 Kc7 52. Qe7+ Qd7 53.
Qxd7+ Kxd7 54. Kg4 Nc7 55. Kg5 Na8 56. Kf6 Nb6 57. Ne3 Ke8 58. f4 Kf8 59. Kg5
Ke7 60. f5 Kf8 61. f6 Kg8 62. Kh6 Kh8 63. Kh5 Nd7 64. Ng4 Kg8 65. Kg5 Kf8 66.
Kh6 Kg8 67. Kg5 Kf8 68. Kh5 Kg8 69. Kh6 Kh8 70. Kg5 Kg8 71. Nh6+ Kf8 72. Nf5
Nb6 73. Nxd6 Kg8 74. Kf4 Kf8 75. Kf5 Kg8 76. Nb7 Nxc4 77. d6 1-0

[Event "III Open A"]
[Site "Livigno ITA"]
[Date "2012.09.11"]
[Round "2"]
[White "Valsecchi, Alessio"]
[Black "Maiorov, Nikita"]
[WhiteElo "2427"]
[BlackElo "2554"]
[Result "0-1"]
[PlyCount "36"]
[EventDate "2012.09.10"]

1. e4 e5 2. f4 Bc5 3. Nf3 d6 4. c3 Bb6 5. Na3 Nf6 6. fxe5 dxe5 7. Nc4 Nxe4 8.
Qe2 Bf5 9. g4 Bg6 10. Bg2 Nc6 11. d3 Nxc3 12. bxc3 Bxd3 13. Nxb6 Bxe2 14. Nxa8
Bxf3 15. Bxf3 O-O 16. Ba3 Qh4+ 17. Kf1 Rxa8 18. Rd1 e4 0-1

[Event "III Open A"]
[Site "Livigno ITA"]
[Date "2012.09.11"]
[Round "2"]
[White "Volkov, Sergey"]
[Black "Satyapragyan, Swayangsu"]
[WhiteElo "2043"]
[BlackElo "2435"]
[Result "1/2-1/2"]
[PlyCount "53"]
[EventDate "2012.09.10"]

1. d4 Nf6 2. c4 e6 3. Nc3 Bb4 4. Qc2 O-O 5. a3 Bxc3+ 6. Qxc3 d5 7. Bg5 c5 8.
dxc5 d4 9. Qc2 e5 10. Nf3 h6 11. Bh4 Qe7 12. b4 a5 13. Rb1 axb4 14. axb4 Ra3
15. Qb2 Rc3 16. Nd2 g5 17. Bg3 b6 18. e4 bxc5 19. bxc5 Nc6 20. Be2 Qxc5 21. Qb5
Qd6 22. O-O Rc2 23. Rfd1 Be6 24. Bd3 Rc3 25. Nf3 Nd7 26. Bf1 f6 27. Qb2 1/2-1/2

[Event "III Open A"]
[Site "Livigno ITA"]
[Date "2012.09.11"]
[Round "2"]
[White "Wenninger, Philipp"]
[Black "Simoncini, Francesco"]
[WhiteElo "2207"]
[BlackElo "1961"]
[Result "1-0"]
[PlyCount "69"]
[EventDate "2012.09.10"]

1. d4 d6 2. c4 e5 3. Nc3 Nd7 4. Nf3 Ngf6 5. g3 g6 6. Bg2 Bg7 7. O-O O-O 8. d5
a5 9. e4 Nc5 10. Ne1 Nh5 11. Be3 b6 12. a3 f5 13. exf5 Qe8 14. fxg6 Qxg6 15. b4
e4 16. Rc1 Bg4 17. f3 exf3 18. Bxf3 Bxf3 19. Rxf3 Rxf3 20. Qxf3 Nb3 21. Rc2 Re8
22. Ne2 Bd4 23. Bxd4 Nxd4 24. Nxd4 Rxe1+ 25. Kg2 Re4 26. Nf5 Re8 27. Rf2 Kh8
28. Nd4 Qe4 29. Qxe4 Rxe4 30. Ne6 h6 31. bxa5 bxa5 32. Rf5 Ng7 33. Rf8+ Kh7 34.
Rf7 Rg4 35. Rxc7 1-0

[Event "III Open A"]
[Site "Livigno ITA"]
[Date "2012.09.11"]
[Round "2"]
[White "Zhou, Syang"]
[Black "Polak, Tomas"]
[WhiteElo "2239"]
[BlackElo "2522"]
[Result "0-1"]
[PlyCount "66"]
[EventDate "2012.09.10"]

1. g3 d5 2. Bg2 Nf6 3. d4 c6 4. Nf3 Bf5 5. O-O Nbd7 6. Nh4 Be4 7. f3 Bg6 8. e4
dxe4 9. Nxg6 hxg6 10. fxe4 e5 11. c3 Qb6 12. a4 a5 13. Na3 Bxa3 14. Rxa3 O-O
15. Bg5 Rfe8 16. Rb3 Qa7 17. Bh3 Rad8 18. Kg2 Nc5 19. Bxf6 gxf6 20. Rxf6 Nxe4
21. Rf1 exd4 22. cxd4 Rxd4 23. Rxb7 Qxb7 24. Qxd4 Ng5 25. Qd7 Qxb2+ 26. Kh1 Re2
27. Qd8+ Kg7 28. Qxg5 Rxh2+ 29. Kg1 Rxh3 30. Rf2 Qb1+ 31. Rf1 Rh1+ 32. Kxh1
Qxf1+ 33. Kh2 Qe2+ 0-1

[Event "III Open A"]
[Site "Livigno ITA"]
[Date "2012.09.11"]
[Round "2"]
[White "Zhou, Yang-Fan"]
[Black "Franklin, Samuel G.A."]
[WhiteElo "2414"]
[BlackElo "2281"]
[Result "0-1"]
[PlyCount "88"]
[EventDate "2012.09.10"]

1. e4 e5 2. Nf3 Nc6 3. d4 exd4 4. Nxd4 Bc5 5. Nxc6 Qf6 6. Qf3 bxc6 7. Be2 d6 8.
O-O Qxf3 9. Bxf3 Ne7 10. Nc3 O-O 11. Rd1 f5 12. Re1 Ng6 13. exf5 Ne5 14. Rxe5
dxe5 15. Bxc6 Rb8 16. Ne4 Be7 17. Bd5+ Kh8 18. g4 Rd8 19. c4 c6 20. Bxc6 Rd1+
21. Kg2 h5 22. h3 Rb6 23. Bd5 hxg4 24. hxg4 g6 25. f6 Bxf6 26. c5 Ra6 27. Nxf6
Rxf6 28. Bf3 Re1 29. b4 Rxf3 30. Kxf3 Bb7+ 31. Kg3 Rg1+ 32. Kh4 Bf3 33. a3
Rxg4+ 34. Kh3 e4 35. c6 g5 36. Bxg5 Rxg5 37. Rc1 Rg8 38. b5 Rc8 39. a4 Kg7 40.
a5 Kf6 41. b6 axb6 42. axb6 Kf5 43. c7 Kf4 44. b7 Rh8# 0-1

[Event "III Open A"]
[Site "Livigno ITA"]
[Date "2012.09.11"]
[Round "2"]
[White "Zinchenko, Yaroslav"]
[Black "Roy Chowdhury, Saptarshi"]
[WhiteElo "2528"]
[BlackElo "2419"]
[Result "1/2-1/2"]
[PlyCount "78"]
[EventDate "2012.09.10"]

1. e4 c5 2. Nf3 Nc6 3. d4 cxd4 4. Nxd4 e5 5. Nb5 d6 6. N1c3 a6 7. Na3 Be7 8.
Nc4 b5 9. Ne3 Nf6 10. g3 O-O 11. Bg2 b4 12. Ncd5 Nxd5 13. Nxd5 Be6 14. O-O Bxd5
15. exd5 Nd4 16. Be3 Bf6 17. Be4 Qc7 18. Qd3 g6 19. Rfc1 Qd7 20. c3 bxc3 21.
Rxc3 a5 22. Bxd4 exd4 23. Rc6 Rfb8 24. Rb1 Ra7 25. b3 Kg7 26. Kg2 Re8 27. a3 h5
28. Bf3 h4 29. gxh4 Be5 30. h5 Qe7 31. Rg1 Qh4 32. h3 Rae7 33. Rc2 gxh5 34. Qf5
Kh6 35. Kh1 Bf4 36. Rc8 Rxc8 37. Qxc8 Re8 38. Qf5 Re5 39. Qc8 Re8 1/2-1/2

[Event "III Open A"]
[Site "Livigno ITA"]
[Date "2012.09.??"]
[Round "3"]
[White "Antipov, Mikhail Al."]
[Black "Hainke, Guntram"]
[WhiteElo "2457"]
[BlackElo "2318"]
[Result "1/2-1/2"]
[PlyCount "57"]
[EventDate "2012.09.10"]

1. e4 e6 2. d4 d5 3. Nc3 Bb4 4. e5 c5 5. a3 Bxc3+ 6. bxc3 Ne7 7. Nf3 Nbc6 8.
Bd3 Qa5 9. Bd2 c4 10. Be2 Bd7 11. O-O f6 12. Re1 fxe5 13. dxe5 O-O 14. Bf1 h6
15. g3 Rf7 16. Bg2 Raf8 17. h4 b5 18. Qe2 Qc7 19. Rf1 a5 20. Nd4 Nxd4 21. cxd4
c3 22. Be3 Rb8 23. Rfb1 Rff8 24. Bh3 Nf5 25. Qd3 Qc4 26. Qd1 Qc7 27. Qd3 Qc4
28. Qd1 Qc7 29. Qd3 1/2-1/2

[Event "III Open A"]
[Site "Livigno ITA"]
[Date "2012.09.??"]
[Round "3"]
[White "Bentivegna, Francesco"]
[Black "Valsecchi, Alessio"]
[WhiteElo "2319"]
[BlackElo "2427"]
[Result "1/2-1/2"]
[PlyCount "32"]
[EventDate "2012.09.10"]

1. e4 e5 2. Nf3 Nc6 3. Nc3 Nf6 4. Bb5 Nd4 5. Nxd4 exd4 6. e5 dxc3 7. exf6 Qxf6
8. dxc3 Qe5+ 9. Qe2 Qxe2+ 10. Bxe2 d5 11. Bf4 c6 12. O-O-O Be6 13. Rhe1 O-O-O
14. Bf3 Bc5 15. Be3 Bxe3+ 16. Rxe3 Rhe8 1/2-1/2

[Event "III Open A"]
[Site "Livigno ITA"]
[Date "2012.09.??"]
[Round "3"]
[White "Betori, Alessandro"]
[Black "Marholev, Dimitar"]
[WhiteElo "2043"]
[BlackElo "2340"]
[Result "1/2-1/2"]
[PlyCount "54"]
[EventDate "2012.09.10"]

1. Nf3 Nf6 2. d3 g6 3. e4 c5 4. g3 Bg7 5. Bg2 O-O 6. O-O Nc6 7. Re1 d6 8. Nbd2
e5 9. c3 Rb8 10. a3 d5 11. b4 cxb4 12. axb4 a6 13. Qb3 d4 14. cxd4 Nxd4 15.
Nxd4 exd4 16. b5 Be6 17. Qb4 Qb6 18. Bb2 Nd7 19. Nf3 Nc5 20. Bf1 Nb3 21. Ra3
Qxb5 22. Qxb5 axb5 23. Ng5 Nc5 24. Nxe6 Nxe6 25. Ra5 Nc7 26. Rc1 b6 27. Ra3 b4
1/2-1/2

[Event "III Open A"]
[Site "Livigno ITA"]
[Date "2012.09.??"]
[Round "3"]
[White "Castellanos Rodriguez, Renier"]
[Black "Vovk, Andrey"]
[WhiteElo "2491"]
[BlackElo "2549"]
[Result "1-0"]
[PlyCount "81"]
[EventDate "2012.09.10"]

1. e4 e5 2. Nf3 Nc6 3. Bb5 Nf6 4. d3 d6 5. c3 Bd7 6. Nbd2 g6 7. Nf1 Bg7 8. Ng3
O-O 9. Ba4 h6 10. Bd2 Re8 11. h3 d5 12. O-O a6 13. Re1 b5 14. Bc2 Be6 15. a4
Qe7 16. b4 dxe4 17. Nxe4 Nd7 18. Bb3 f5 19. Ng3 Nb6 20. a5 Nd7 21. Qc2 Bxb3 22.
Qxb3+ Qe6 23. Qc2 Qd6 24. Rab1 Kh7 25. c4 bxc4 26. Qxc4 Na7 27. Rbc1 Nb5 28. h4
Nf6 29. h5 Nxh5 30. Nxh5 gxh5 31. Qf7 Rf8 32. Qxh5 Rae8 33. Bf4 Re7 34. Bg5
Ref7 35. Be3 Qf6 36. Rc5 Rd7 37. Rxe5 f4 38. Bc5 Rg8 39. Re6 Qd8 40. Qf5+ Kh8
41. Ne5 1-0

[Event "III Open A"]
[Site "Livigno ITA"]
[Date "2012.09.??"]
[Round "3"]
[White "Codenotti, Marco"]
[Black "Sreeves, Clement"]
[WhiteElo "2334"]
[BlackElo "2220"]
[Result "1-0"]
[PlyCount "55"]
[EventDate "2012.09.10"]

1. e4 e5 2. Nf3 Nc6 3. Bb5 a6 4. Ba4 Nf6 5. O-O Be7 6. Re1 b5 7. Bb3 O-O 8. c3
d5 9. exd5 Nxd5 10. Nxe5 Nxe5 11. Rxe5 c6 12. d4 Bd6 13. Re1 Qh4 14. g3 Qh3 15.
Re4 g5 16. Qf1 Qh5 17. Nd2 Bf5 18. f3 Rae8 19. Qf2 Qg6 20. Rxe8 Rxe8 21. Ne4
Be7 22. Bd2 g4 23. Re1 Bf8 24. Bxd5 cxd5 25. Nf6+ Qxf6 26. Rxe8 Bd7 27. Re5
gxf3 28. Bf4 1-0

[Event "III Open A"]
[Site "Livigno ITA"]
[Date "2012.09.??"]
[Round "3"]
[White "Collutiis, Duilio"]
[Black "Sharma, Dinesh K."]
[WhiteElo "2501"]
[BlackElo "2361"]
[Result "1/2-1/2"]
[PlyCount "38"]
[EventDate "2012.09.10"]

1. e4 e6 2. d3 d5 3. Nd2 Nf6 4. Ngf3 Nc6 5. Be2 dxe4 6. dxe4 Bc5 7. O-O e5 8.
c3 a5 9. Bb5 Qe7 10. Qe2 O-O 11. a4 Nd8 12. Nb3 Bb6 13. Be3 Bxe3 14. Qxe3 b6
15. Rfd1 Bb7 16. Nfd2 Ne6 17. f3 Rfd8 18. Nf1 Rxd1 19. Rxd1 Rd8 1/2-1/2

[Event "III Open A"]
[Site "Livigno ITA"]
[Date "2012.09.??"]
[Round "3"]
[White "Formento, Paolo"]
[Black "Drazic, Sinisa"]
[WhiteElo "2147"]
[BlackElo "2511"]
[Result "0-1"]
[PlyCount "126"]
[EventDate "2012.09.10"]

1. e4 Nf6 2. e5 Nd5 3. d4 d6 4. Nf3 Bg4 5. Be2 c6 6. c4 Nb6 7. Nbd2 N8d7 8. O-O
dxe5 9. Nxe5 Nxe5 10. dxe5 Bxe2 11. Qxe2 e6 12. b3 Qd4 13. Rb1 Rd8 14. Ne4 Qd3
15. Qxd3 Rxd3 16. Bb2 Be7 17. Rbd1 Rd8 18. Rxd8+ Kxd8 19. Rd1+ Kc8 20. Nd6+
Bxd6 21. Rxd6 c5 22. Kf1 Nd7 23. Rd3 Kd8 24. Rg3 Rg8 25. Rh3 h6 26. Ke2 Ke7 27.
Rg3 Nf8 28. Ba3 Nd7 29. Bb2 b6 30. Ke3 Nf8 31. h4 Ng6 32. h5 Nh4 33. Rg4 Nf5+
34. Ke2 Rd8 35. Re4 Kf8 36. g4 Ne7 37. Re3 Nc6 38. Bc3 Ke7 39. Rd3 Rg8 40. f4
g6 41. hxg6 fxg6 42. Rh3 Rh8 43. Ke3 h5 44. Ke4 Kf7 45. f5 gxf5+ 46. gxf5 Ne7
47. fxe6+ Kxe6 48. Rf3 Rh6 49. Rf6+ Rxf6 50. exf6 Ng8 51. f7 Kxf7 52. Kf5 Ne7+
53. Ke5 Nc6+ 54. Kd6 Nb4 55. Be1 Nxa2 56. Kc7 Ke6 57. Kb7 Kd7 58. Kxa7 Kc6 59.
Ka6 Nb4+ 60. Ka7 Nd3 61. Bh4 Nc1 62. Bd8 Nxb3 63. Bxb6 h4 0-1

[Event "III Open A"]
[Site "Livigno ITA"]
[Date "2012.09.??"]
[Round "3"]
[White "Kravtsiv, Martyn"]
[Black "Neelotpal, Das"]
[WhiteElo "2581"]
[BlackElo "2473"]
[Result "1-0"]
[PlyCount "95"]
[EventDate "2012.09.10"]

1. e4 e5 2. Nf3 Nc6 3. d4 exd4 4. Nxd4 Bc5 5. Nb3 Bb6 6. Nc3 d6 7. Qe2 Nge7 8.
Be3 O-O 9. O-O-O f5 10. f4 fxe4 11. g3 Nf5 12. Bxb6 axb6 13. Bg2 e3 14. Be4 Na5
15. Nd4 Nxd4 16. Rxd4 Qf6 17. Rhd1 Nc6 18. R4d3 Bf5 19. Rxe3 Bxe4 20. Rxe4 Qf7
21. a3 Ra5 22. Qc4 Qxc4 23. Rxc4 Rd8 24. Nd5 Rd7 25. Rd3 Rc5 26. Re4 b5 27. b4
Rc4 28. Rxc4 bxc4 29. Re3 Kf7 30. Re4 Ne7 31. Nxe7 Rxe7 32. Rxc4 c6 33. Kd2 h5
34. b5 cxb5 35. Rb4 h4 36. gxh4 Kf6 37. Rxb5 Re4 38. Rxb7 Rxf4 39. Rb4 Rf2+ 40.
Kc3 Rxh2 41. a4 Rh3+ 42. Kb2 Re3 43. a5 Re7 44. Kb3 Ke5 45. Rb5+ Kf4 46. a6 Ra7
47. Ra5 g6 48. Kc4 1-0

[Event "III Open A"]
[Site "Livigno ITA"]
[Date "2012.09.??"]
[Round "3"]
[White "Krumm, Johannes"]
[Black "Bove, Alessandro"]
[WhiteElo "2033"]
[BlackElo "2367"]
[Result "0-1"]
[PlyCount "78"]
[EventDate "2012.09.10"]

1. e4 c5 2. Nc3 e6 3. g3 Nc6 4. Bg2 d6 5. Nf3 a6 6. O-O Be7 7. d4 cxd4 8. Nxd4
Bd7 9. Nde2 Nf6 10. Bf4 Qc7 11. Na4 Ne5 12. c4 b5 13. cxb5 axb5 14. Rc1 Qb8 15.
Bxe5 Rxa4 16. Bxf6 Bxf6 17. Qb3 O-O 18. Nc3 Rd4 19. Rfd1 Rc8 20. Rxd4 Bxd4 21.
a3 Qb6 22. Rc2 h5 23. Na2 h4 24. Nb4 Rxc2 25. Qxc2 hxg3 26. hxg3 Qc5 27. Qd2
Qe5 28. b3 Bc5 29. Kh2 Qf6 30. f4 Qh6+ 31. Bh3 e5 32. Qg2 exf4 33. g4 Qe6 34.
g5 Qxh3+ 35. Qxh3 Bxh3 36. Kxh3 Kh7 37. Kg4 Kg6 38. Kxf4 f6 39. gxf6 Kxf6 0-1

[Event "III Open A"]
[Site "Livigno ITA"]
[Date "2012.09.??"]
[Round "3"]
[White "Maiorov, Nikita"]
[Black "Jovanic, Ognjen"]
[WhiteElo "2554"]
[BlackElo "2511"]
[Result "1/2-1/2"]
[PlyCount "74"]
[EventDate "2012.09.10"]

1. d4 d5 2. c4 c6 3. Nc3 Nf6 4. e3 a6 5. Nf3 b5 6. b3 Bg4 7. Be2 e6 8. O-O Bd6
9. Bb2 O-O 10. h3 Bh5 11. Ne5 Bxe2 12. Nxe2 bxc4 13. bxc4 Nbd7 14. Rb1 Qc7 15.
Nxd7 Nxd7 16. Qc2 Rfc8 17. c5 Be7 18. Bc3 Rcb8 19. Rb3 Rb5 20. Rfb1 Rab8 21.
Be1 Bd8 22. f3 Qc8 23. Nc1 Bc7 24. Nd3 Rxb3 25. axb3 Qb7 26. b4 e5 27. Bc3 Re8
28. dxe5 Nxe5 29. Nxe5 Bxe5 30. Bxe5 Rxe5 31. Qc3 Re6 32. Ra1 h6 33. Kf2 Rg6
34. Qd4 Qb8 35. Qf4 Qb5 36. Qd4 Qb8 37. Qf4 Qb5 1/2-1/2

[Event "III Open A"]
[Site "Livigno ITA"]
[Date "2012.09.??"]
[Round "3"]
[White "Mertens, Klaus"]
[Black "Iasman, Inna"]
[WhiteElo "2079"]
[BlackElo "2002"]
[Result "1/2-1/2"]
[PlyCount "107"]
[EventDate "2012.09.10"]

1. Nf3 d5 2. d4 Nf6 3. g3 Bg4 4. Bg2 e6 5. O-O Bd6 6. c4 c6 7. Qb3 Qb6 8. Nbd2
Qxb3 9. Nxb3 O-O 10. cxd5 exd5 11. Be3 Nbd7 12. Rfc1 Rab8 13. a3 Rfe8 14. Na5
Ne4 15. b4 Nb6 16. h3 Bxf3 17. Bxf3 Nxg3 18. fxg3 Rxe3 19. Kf2 Re6 20. Rc3 Rg6
21. Bg2 Rf6+ 22. Rf3 Rxf3+ 23. Bxf3 Kf8 24. Rc1 Ke7 25. Rc3 f5 26. g4 g6 27.
gxf5 gxf5 28. Rc1 Kf6 29. e3 a6 30. Be2 f4 31. Rf1 Na4 32. Bd3 h5 33. exf4 Nc3
34. f5 h4 35. Ke3 Bg3 36. Rc1 Re8+ 37. Kf3 Ne4 38. Nxb7 Nd2+ 39. Kg2 Kg5 40.
Nc5 Re3 41. Ne6+ Kf6 42. Rxc6 Ke7 43. Nc5 Rf3 44. Re6+ Kf7 45. Re2 Bf4 46. Ne6
Be3 47. Rxe3 Rxe3 48. Bxa6 Rg3+ 49. Kf2 Ne4+ 50. Ke2 Rxh3 51. Bb7 Rxa3 52. Nf4
Ng3+ 53. Kf2 Nxf5 54. Bxd5+ 1/2-1/2

[Event "III Open A"]
[Site "Livigno ITA"]
[Date "2012.09.??"]
[Round "3"]
[White "Piscopo, Pierluigi"]
[Black "Timoshenko, Georgy"]
[WhiteElo "2381"]
[BlackElo "2518"]
[Result "1/2-1/2"]
[PlyCount "41"]
[EventDate "2012.09.10"]

1. e4 e6 2. d4 d5 3. Nd2 c5 4. c3 Nc6 5. Ngf3 cxd4 6. cxd4 dxe4 7. Nxe4 Nge7 8.
Bb5 Nf5 9. O-O Be7 10. Ne5 Nfxd4 11. Qg4 O-O 12. Bxc6 f5 13. Qh5 bxc6 14. Ng5
Bxg5 15. Bxg5 Qd6 16. Rfe1 Ba6 17. Rad1 Rab8 18. Rxd4 Qxd4 19. Nxc6 Qxb2 20.
Ne7+ Kh8 21. Ng6+ 1/2-1/2

[Event "III Open A"]
[Site "Livigno ITA"]
[Date "2012.09.??"]
[Round "3"]
[White "Pogan, Nikolas"]
[Black "Zhou, Syang"]
[WhiteElo "2240"]
[BlackElo "2239"]
[Result "1/2-1/2"]
[PlyCount "120"]
[EventDate "2012.09.10"]

1. e4 e6 2. d4 d5 3. exd5 exd5 4. Bd3 Bd6 5. Ne2 Ne7 6. O-O c6 7. c3 O-O 8. Bf4
Bf5 9. Bxd6 Qxd6 10. Re1 Nd7 11. Ng3 Bxd3 12. Qxd3 Rae8 13. Nd2 Nf6 14. Nf3 Ng6
15. h3 a5 16. a4 h6 17. Rxe8 Rxe8 18. Re1 Rxe1+ 19. Nxe1 Qe6 20. Qe2 Nf4 21.
Qxe6 Nxe6 22. Nd3 g6 23. Kf1 Kf8 24. Ke2 Ke7 25. Ke3 Ne8 26. Ne2 Nd6 27. b3 Ng7
28. g4 Ne6 29. f3 b6 30. Nef4 Nxf4 31. Kxf4 g5+ 32. Ke3 f6 33. Ke2 Ke6 34. Ke3
Nc8 35. Nc1 Ne7 36. Ne2 f5 37. f4 Kf6 38. Kf3 fxg4+ 39. hxg4 Ng6 40. fxg5+ hxg5
41. Ng3 b5 42. c4 bxa4 43. bxa4 c5 44. Ke3 cxd4+ 45. Kxd4 dxc4 46. Ne4+ Ke7 47.
Kxc4 Ne5+ 48. Kb5 Nxg4 49. Nxg5 Kd6 50. Kxa5 Kc6 51. Nf3 Ne3 52. Ne5+ Kb7 53.
Kb5 Nd5 54. a5 Nc7+ 55. Kb4 Ka6 56. Nd3 Nd5+ 57. Ka4 Nc3+ 58. Kb4 Na2+ 59. Kb3
Nc1+ 60. Nxc1 Kb5 1/2-1/2

[Event "III Open A"]
[Site "Livigno ITA"]
[Date "2012.09.??"]
[Round "3"]
[White "Roy Chowdhury, Saptarshi"]
[Black "Volkov, Sergey"]
[WhiteElo "2419"]
[BlackElo "2043"]
[Result "1/2-1/2"]
[PlyCount "156"]
[EventDate "2012.09.10"]

1. d4 d5 2. c4 c6 3. Nf3 Nf6 4. cxd5 cxd5 5. Nc3 Nc6 6. Bf4 Nh5 7. Bg3 Nxg3 8.
hxg3 g6 9. e3 Bg7 10. Bb5 O-O 11. O-O Na5 12. b4 a6 13. Bd3 Nc4 14. Bxc4 dxc4
15. Qe2 Be6 16. Rfd1 Rc8 17. Ng5 Bd7 18. Nge4 b6 19. a4 f5 20. Nd2 e5 21. Nf3
e4 22. Nd2 Be6 23. Rac1 Qe7 24. b5 axb5 25. axb5 Qb4 26. Rc2 Rc7 27. Rb1 Qd6
28. Ra2 Rfc8 29. Ra4 Bf8 30. Rd1 Bg7 31. Ndb1 h5 32. Qb2 Bf8 33. Nd2 Bf7 34.
Rda1 g5 35. Ra7 Qb4 36. Qc2 Qe7 37. R7a6 Qd6 38. Ra7 Qe7 39. R7a6 Qf6 40. Rf1
g4 41. Rfa1 Kg7 42. Ra8 Rxa8 43. Rxa8 Bb4 44. Ra6 Ba5 45. Ndb1 h4 46. gxh4 Qxh4
47. Ne2 Qe7 48. Nbc3 Qb4 49. Ra8 Qb3 50. Qd2 Rd7 51. Rxa5 bxa5 52. d5 Qa3 53.
Qd4+ Kg8 54. Qe5 Qd6 55. Qxf5 Bxd5 56. Nf4 Bb7 57. Ne6 Qe7 58. Qxg4+ Kf7 59.
Ng5+ Ke8 60. Ngxe4 Bxe4 61. Nxe4 Qe5 62. b6 Qa1+ 63. Kh2 Rh7+ 64. Kg3 Rg7 65.
Ng5 Qe5+ 66. f4 Qxe3+ 67. Kh2 Qxb6 68. Qc8+ Ke7 69. Qxc4 Qh6+ 70. Kg3 Rxg5+ 71.
fxg5 Qxg5+ 72. Kf3 Qd2 73. Qe2+ Qxe2+ 74. Kxe2 Kf6 75. Kd3 Kg5 76. Kc4 Kg4 77.
Kb5 Kg3 78. Kxa5 Kxg2 1/2-1/2

[Event "III Open A"]
[Site "Livigno ITA"]
[Date "2012.09.??"]
[Round "3"]
[White "Simoncini, Francesco"]
[Black "Kock, Hans-Uwe"]
[WhiteElo "1961"]
[BlackElo "2038"]
[Result "1-0"]
[PlyCount "62"]
[EventDate "2012.09.10"]

1. e4 c6 2. d4 d5 3. exd5 cxd5 4. c4 Nf6 5. Nc3 e6 6. Nf3 Nc6 7. Bd3 Be7 8. O-O
O-O 9. a3 dxc4 10. Bxc4 a6 11. Bb3 Re8 12. Bc2 Nd7 13. Qd3 Nf8 14. Ne4 b5 15.
h4 Bb7 16. h5 Qd5 17. h6 g6 18. Bg5 Bxg5 19. Nfxg5 Nd7 20. Qf3 f5 21. Rad1 Nd8
22. Qf4 Rc8 23. Bb3 Qxb3 24. Qd6 Qd5 25. Qxd7 Qxd7 26. Nf6+ Kf8 27. Nxd7+ Ke7
28. Ne5 Nc6 29. Nxh7 Nxe5 30. dxe5 Rc2 31. Nf6 Rc7 1-0

[Event "III Open A"]
[Site "Livigno ITA"]
[Date "2012.09.??"]
[Round "3"]
[White "Stitterich, Nadine"]
[Black "Franciosi, Fausto"]
[WhiteElo "2024"]
[BlackElo "2074"]
[Result "1/2-1/2"]
[PlyCount "47"]
[EventDate "2012.09.10"]

1. e4 e5 2. Nf3 Nc6 3. Bb5 Nf6 4. O-O Nxe4 5. d4 Nd6 6. Bxc6 dxc6 7. Nxe5 Be7
8. b3 O-O 9. Bb2 Nf5 10. Qd3 Bf6 11. f4 Nd6 12. c4 g6 13. Nd2 Bg7 14. Qf3 Be6
15. Rad1 f6 16. Nd3 Bf5 17. Nf2 Qd7 18. g4 Be6 19. d5 cxd5 20. cxd5 Bf7 21. Nc4
Rfe8 22. Kh1 Kh8 23. Ne3 Rad8 24. h3 1/2-1/2

[Event "III Open A"]
[Site "Livigno ITA"]
[Date "2012.09.??"]
[Round "3"]
[White "Sveshnikov, Evgeny E."]
[Black "Stella, Andrea"]
[WhiteElo "2530"]
[BlackElo "2456"]
[Result "1/2-1/2"]
[PlyCount "75"]
[EventDate "2012.09.10"]

1. e4 c5 2. c3 d5 3. exd5 Qxd5 4. d4 Nf6 5. Nf3 Bg4 6. Be2 e6 7. O-O Nc6 8. h3
Bh5 9. Be3 cxd4 10. Nxd4 Bxe2 11. Qxe2 Be7 12. Rd1 O-O 13. Nd2 Rfc8 14. Nxc6
Qxc6 15. Bg5 h6 16. Bh4 b5 17. Kf1 Qb7 18. Bxf6 Bxf6 19. Ne4 Be7 20. Nd6 Bxd6
21. Rxd6 Rd8 22. Rad1 Qc7 23. R6d4 a6 24. Qe4 Rac8 25. Ke2 Rxd4 26. Rxd4 g6 27.
Qd3 Qe5+ 28. Qe3 Qh5+ 29. g4 Qh4 30. Rd7 Rd8 31. Rxd8+ Qxd8 32. Qxh6 Qd5 33. b3
Qe4+ 34. Qe3 Qc2+ 35. Qd2 Qe4+ 36. Qe3 Qc2+ 37. Qd2 Qe4+ 38. Qe3 1/2-1/2

[Event "III Open A"]
[Site "Livigno ITA"]
[Date "2012.09.??"]
[Round "3"]
[White "Sveshnikov, Vladimir"]
[Black "Karl, Hans"]
[WhiteElo "2405"]
[BlackElo "2141"]
[Result "1-0"]
[PlyCount "75"]
[EventDate "2012.09.10"]

1. e4 e5 2. Nf3 Nc6 3. Bc4 Bc5 4. c3 Qe7 5. d4 Bb6 6. O-O d6 7. a4 a6 8. d5 Nd8
9. a5 Ba7 10. Bg5 f6 11. Bd2 f5 12. exf5 Bxf5 13. Qe2 Nf6 14. Be3 Bxe3 15. Qxe3
O-O 16. Nbd2 Ng4 17. Qe2 Nf7 18. Ra4 Rae8 19. Bd3 Bxd3 20. Qxd3 Nf6 21. Re1 Qd7
22. Rb4 c6 23. dxc6 Qxc6 24. Rb6 Qc7 25. Ne4 Nxe4 26. Rxe4 Re7 27. Qd5 h6 28.
h3 Kh7 29. Rc4 Qd7 30. Rcb4 Qf5 31. Rxb7 Rxb7 32. Rxb7 Ng5 33. Nxg5+ hxg5 34.
Qd2 d5 35. Rb6 Qb1+ 36. Kh2 Qf1 37. Qxg5 Qxf2 38. Qxe5 1-0

[Event "III Open A"]
[Site "Livigno ITA"]
[Date "2012.09.12"]
[Round "4"]
[White "Arnetta, Maria Teresa"]
[Black "Bove, Alessandro"]
[WhiteElo "2031"]
[BlackElo "2367"]
[Result "0-1"]
[PlyCount "92"]
[EventDate "2012.09.10"]

1. e4 c5 2. b3 d6 3. Bb2 Nc6 4. Bb5 e5 5. Nc3 Qg5 6. Qf3 Bd7 7. Nge2 Nh6 8. Nd5
Rc8 9. Qg3 Qxg3 10. Nxg3 a6 11. Bxc6 Bxc6 12. O-O Bxd5 13. exd5 c4 14. f4 f6
15. Ne4 Nf7 16. Rf3 cxb3 17. Rxb3 Rc4 18. Re1 b5 19. Ra3 f5 20. Ng3 Rxf4 21.
Rxa6 g6 22. Ra8+ Ke7 23. Ra7+ Kf6 24. Ne2 Rc4 25. Bc3 Bh6 26. Rb7 Ra8 27. Rxb5
Rxa2 28. Rc1 Ra6 29. Rcb1 Ra2 30. Rc1 Bxd2 31. Bxd2 Rcxc2 32. Nc3 Rxd2 33. Nxa2
Rxa2 34. h3 Ng5 35. Rb7 f4 36. h4 Ne4 37. Rxh7 Rd2 38. Re1 Ng3 39. Ra7 Nf5 40.
h5 gxh5 41. Rb1 Ne3 42. Rb8 Rxg2+ 43. Kh1 Rd2 44. Rf8+ Kg5 45. Rg7+ Kh4 46. Rh8
Ng4 0-1

[Event "III Open A"]
[Site "Livigno ITA"]
[Date "2012.09.12"]
[Round "4"]
[White "Bruno, Fabio"]
[Black "Naumkin, Igor"]
[WhiteElo "2423"]
[BlackElo "2473"]
[Result "1/2-1/2"]
[PlyCount "42"]
[EventDate "2012.09.10"]

1. d4 Nf6 2. c4 e6 3. Nc3 Bb4 4. e3 c5 5. Nge2 d5 6. a3 Bxc3+ 7. Nxc3 cxd4 8.
exd4 dxc4 9. Bxc4 Nc6 10. Be3 O-O 11. O-O b6 12. Qd3 Bb7 13. Rad1 h6 14. Bf4
Ne7 15. Rfe1 Nfd5 16. Bg3 Ng6 17. Qd2 Qd7 18. Ba2 Rac8 19. Rc1 Nxc3 20. bxc3 b5
21. a4 a6 1/2-1/2